000 00209nam a2200097Ia 4500
008 240331s9999 xx 000 0 und d
082 _bJEY
100 _aJeya,M
245 0 _aNaveenathuvathin mukangal
942 _cL
999 _c3720
_d3720